[Event "4NCL Online Division 7"]
[Site "online"]
[Date "2021.04.06"]
[EventDate "2021.04.06"]
[Round "6.152"]
[White "Sandy, Paul"]
[WhiteElo "1615"]
[WhiteTeam "Wessex Some Stars F"]
[Black "Wootton, Stephen G"]
[BlackElo "1591"]
[BlackTeam "Wolfpack 2"]
[Result "0-1"]
[PlyCount "121"]

1. b3 e5 2. Bb2 Nc6 3. e3 Nf6 4. Bc4 d5 5. Bb5 Bd6 6. Nf3 Qe7 7. Bxc6+ bxc6 8. d3 Bg4 9. h3 Bh5 10. Qd2 Bxf3 11. gxf3 d4 12. e4 Nh5 13. Rg1 g6 14. a3 Nf4 15. Rg3 Qh4 16. Rg4 Qxh3 17. Rxf4 exf4 18. Bxd4 O-O 19. Ke2 Qe6 20. Qc3 c5 21. Bxc5 Bxc5 22. Qxc5 Qd6 23. Qxd6 cxd6 24. c4 Rfe8 25. Nd2 a5 26. Rg1 h6 27. Rg4 g5 28. Rg1 Kg7 29. Rb1 h5 30. Nf1 f5 31. Nd2 g4 32. fxg4 fxg4 33. Rh1 Rh8 34. Rg1 Kf7 35. d4 Rae8 36. Rh1 h4 37. Nf1 Rxe4+ 38. Kd3 Re1 39. Kd2 Rb1 40. Kc2 Re1 41. Kd2 Ra1 42. a4 h3 43. Kc3 Kf6 44. b4 axb4+ 45. Kxb4 Rb8+ 46. Kc3 Rxa4 47. Nd2 Ra3+ 48. Kc2 Ra2+ 49. Kd3 Rbb2 50. Ne4+ Ke7 51. Kc3 Re2 52. Kd3 Rxe4 53. Kxe4 Rxf2 54. Kf5 g3 55. Rxh3 g2 56. Rh7+ Kd8 57. Rg7 f3 58. Kf4 Rf1 59. Rg8+ Ke7 60. Rg7+ Kf6 61. c5 0-1

[Event "4NCL Online Division 7"]
[Site "online"]
[Date "2021.04.06"]
[EventDate "2021.04.06"]
[Round "6.153"]
[White "Pratley, Ian"]
[WhiteElo "1571"]
[WhiteTeam "Wolfpack 2"]
[Black "Doyle, Jamie"]
[BlackElo "1602"]
[BlackTeam "Wessex Some Stars F"]
[Result "1/2-1/2"]
[PlyCount "144"]

1. f4 d5 2. e3 Nc6 3. Nf3 Nf6 4. b3 e6 5. Bb2 Be7 6. Be2 Bd7 7. O-O O-O 8. Ne5 a6 9. c4 dxc4 10. bxc4 h6 11. d4 Nh7 12. Nd2 Nxe5 13. fxe5 Bc6 14. Bf3 Qd7 15. Qe2 Ng5 16. Bxc6 Qxc6 17. Bc3 Rad8 18. Rab1 b6 19. Bb4 Bxb4 20. Rxb4 a5 21. Rbb1 Rd7 22. h4 Nh7 23. Nf3 Qe4 24. Rbc1 Rfd8 25. Qf2 c5 26. Rb1 Qc6 27. Qe2 Rb8 28. Qc2 f5 29. exf6 gxf6 30. Qg6+ Rg7 31. Qxh6 cxd4 32. exd4 Qxc4 33. Qd2 f5 34. Ne5 Qd5 35. Nf3 Nf6 36. Ng5 Ne4 37. Nxe4 Qxe4 38. Rbe1 Qxh4 39. Rxe6 Rh7 40. Qf4 Qh1+ 41. Kf2 Qh4+ 42. Qxh4 Rxh4 43. Ke3 Rg4 44. Rxf5 Rxg2 45. Rf2 Rxf2 46. Kxf2 Kf7 47. Re5 Kf6 48. Ke3 b5 49. Kd3 Rb6 50. Kc3 Rb7 51. Rc5 Ke6 52. Kd3 Kd6 53. Rh5 Rb8 54. Rh6+ Kc7 55. Rh7+ Kb6 56. Rh6+ Ka7 57. Rh7+ Ka6 58. Rh6+ Rb6 59. Rxb6+ Kxb6 60. Ke4 Kc6 61. Ke5 Kc7 62. Kd5 Kb6 63. Kd6 b4 64. d5 a4 65. Ke7 b3 66. axb3 axb3 67. d6 b2 68. d7 b1=Q 69. d8=Q+ Kc5 70. Qd6+ Kc4 71. Qc6+ Kd4 72. Qd6+ Ke3 1/2-1/2

[Event "4NCL Online Division 7"]
[Site "online"]
[Date "2021.04.06"]
[EventDate "2021.04.06"]
[Round "6.154"]
[White "Deacon, Matthew"]
[WhiteElo "1559"]
[WhiteTeam "Wessex Some Stars F"]
[Black "Vernon, Colin G"]
[BlackElo "1386"]
[BlackTeam "Wolfpack 2"]
[Result "0-1"]
[PlyCount "70"]

1. d4 d5 2. c4 c6 3. Nf3 Nf6 4. e3 Bf5 5. Nc3 e6 6. Bd3 Bxd3 7. Qxd3 Bb4 8. O-O O-O 9. Ne5 Nbd7 10. f4 Nb6 11. b3 Bxc3 12. Qxc3 Ne4 13. Qc2 f5 14. Rf3 Nd7 15. Nd3 Ndf6 16. Ba3 Re8 17. Bb4 a5 18. Be1 b5 19. Bh4 dxc4 20. bxc4 bxc4 21. Ne5 c3 22. Be1 Nd5 23. Nd3 Nb4 24. Qe2 Qd5 25. Ne5 Qb5 26. Qd1 Rab8 27. Rh3 g6 28. Nd7 Rb7 29. Ne5 c5 30. g4 c2 31. Qc1 fxg4 32. Nxg4 Qe2 33. Ne5 Nd3 34. Nxd3 Qxd3 35. Qa3 Qxa3 0-1

[Event "4NCL Online Division 7"]
[Site "online"]
[Date "2021.04.06"]
[EventDate "2021.04.06"]
[Round "6.161"]
[White "Marchettini, Cristiano"]
[WhiteElo "1465"]
[WhiteTeam "Catford Cosmonauts 4"]
[Black "Voiculescu-Holvad, Stefan"]
[BlackElo "1779"]
[BlackTeam "Londinium Centurions"]
[Result "1-0"]
[PlyCount "141"]

1. d4 Nf6 2. Nc3 d5 3. Bf4 Bf5 4. e3 e6 5. Nb5 Na6 6. Nf3 c6 7. Nc3 Qa5 8. Bd3 Ne4 9. O-O Nxc3 10. bxc3 Qxc3 11. Rb1 Bxd3 12. cxd3 Nb4 13. Rb3 Qc2 14. Qxc2 Nxc2 15. Rxb7 f6 16. Rfb1 g5 17. Bg3 Nb4 18. R1xb4 Bxb4 19. Rxb4 O-O 20. Bd6 Rf7 21. h3 Rd8 22. Rb8 Rxb8 23. Bxb8 Rb7 24. Bd6 Rb1+ 25. Kh2 Rb2 26. a3 Rxf2 27. e4 h6 28. Kg3 Re2 29. e5 f5 30. Bc5 a6 31. Kh2 Kf7 32. Kg1 Re3 33. Kf2 Rxd3 34. Ke2 Rb3 35. Nd2 Rc3 36. a4 Kg6 37. a5 h5 38. Bb4 Rg3 39. Kf2 h4 40. Nf3 Kh5 41. Be7 Kg6 42. Bf6 Kh5 43. Be7 g4 44. Ng5 gxh3 45. Nxh3 Rg7 46. Bf6 Rg4 47. Kf3 Rxd4 48. Nf4+ Kh6 49. Nxe6 Re4 50. Nc5 Re1 51. Bxh4 Rc1 52. Nxa6 Ra1 53. Nb4 Rxa5 54. Nxc6 Ra4 55. Bf6 Re4 56. Nd8 Kg6 57. g3 d4 58. Ne6 Re3+ 59. Kf2 Kf7 60. Nxd4 Ra3 61. Nxf5 Ke6 62. g4 Ra4 63. Kf3 Ra1 64. Ng7+ Kf7 65. g5 Kg6 66. e6 Rf1+ 67. Ke4 Rxf6 68. gxf6 Kxf6 69. Kd5 Kxg7 70. Kd6 Kf8 71. Kd7 1-0

[Event "4NCL Online Division 7"]
[Site "online"]
[Date "2021.04.06"]
[EventDate "2021.04.06"]
[Round "6.162"]
[White "Mourant, Malcolm"]
[WhiteElo "1639"]
[WhiteTeam "Londinium Centurions"]
[Black "Barber, James R"]
[BlackElo "1307"]
[BlackTeam "Catford Cosmonauts 4"]
[Result "0-1"]
[PlyCount "124"]

1. e4 d5 2. exd5 Nf6 3. Nf3 Nxd5 4. c4 Nb6 5. h3 e6 6. Nc3 Be7 7. d4 O-O 8. Bd3 c5 9. Be3 cxd4 10. Bxd4 Nc6 11. O-O Nxd4 12. Nxd4 Nd7 13. Qc2 Nf6 14. Rad1 a6 15. Rfe1 Qc7 16. Nf3 h6 17. Ne4 Bd7 18. Nxf6+ Bxf6 19. b3 Bc6 20. Be4 Bxe4 21. Rxe4 Rfd8 22. Re2 Rxd1+ 23. Qxd1 Rd8 24. Rd2 Rxd2 25. Qxd2 Be7 26. g3 Bc5 27. Kg2 Qc6 28. Qd3 g6 29. Kg1 Qc7 30. Nd2 Qb6 31. Ne4 Be7 32. Qd7 Qb4 33. Kf1 b6 34. Qc8+ Kg7 35. Ke2 Qa3 36. Nd2 Bc5 37. Qd7 Qxa2 38. Qd3 Bb4 39. Ke3 Bxd2+ 40. Qxd2 Qxd2+ 41. Kxd2 a5 42. Kd3 Kf6 43. Ke4 Ke7 44. g4 Kd6 45. f4 Kc5 46. f5 exf5+ 47. gxf5 Kb4 48. Ke5 Kxb3 49. fxg6 fxg6 50. Kf6 a4 51. Kxg6 a3 52. Kxh6 a2 53. Kg6 a1=Q 54. h4 Qg1+ 55. Kf6 Kxc4 56. h5 Qd4+ 57. Kg6 Qe4+ 58. Kg7 Qe5+ 59. Kg6 Qh8 60. Kg5 Qg7+ 61. Kf5 Qh6 62. Kg4 b5 0-1

[Event "4NCL Online Division 7"]
[Site "online"]
[Date "2021.04.06"]
[EventDate "2021.04.06"]
[Round "6.163"]
[White "Hunt, Iain"]
[WhiteElo "1232"]
[WhiteTeam "Catford Cosmonauts 4"]
[Black "Vigus, David"]
[BlackElo "1510"]
[BlackTeam "Londinium Centurions"]
[Result "1/2-1/2"]
[PlyCount "66"]

1. d4 d5 2. Nf3 Nf6 3. g3 g6 4. Bg2 Bg7 5. O-O O-O 6. b3 Nc6 7. Bb2 Re8 8. c4 e6 9. Re1 b6 10. Qc1 Ne4 11. Nbd2 Nxd2 12. Qxd2 a5 13. e3 Ne7 14. Rac1 c6 15. cxd5 cxd5 16. Ne5 Bb7 17. Rc2 Rc8 18. Rec1 Rxc2 19. Qxc2 Qc8 20. Qxc8 Rxc8 21. Rxc8+ Bxc8 22. Ba3 Bxe5 23. dxe5 Nc6 24. Bd6 Ba6 25. Bf1 Bxf1 26. Kxf1 b5 27. Ke2 Kg7 28. h4 f6 29. f4 Kf7 30. Kd3 f5 31. Kc3 Ke8 32. a3 Kd7 33. b4 a4 1/2-1/2

[Event "4NCL Online Division 7"]
[Site "online"]
[Date "2021.04.06"]
[EventDate "2021.04.06"]
[Round "6.164"]
[White "Ajili, Nour"]
[WhiteElo "1502"]
[WhiteTeam "Londinium Centurions"]
[Black "Hart, Simon"]
[BlackElo "1250"]
[BlackTeam "Catford Cosmonauts 4"]
[Result "1-0"]
[PlyCount "117"]

1. e4 c5 2. Nf3 d6 3. d4 cxd4 4. Nxd4 Nf6 5. Nc3 a6 6. Be2 e5 7. Nf3 b5 8. a3 Be7 9. O-O Be6 10. Re1 O-O 11. Bg5 Nbd7 12. Qd2 Bc4 13. Bxc4 bxc4 14. Nd5 h6 15. Bxf6 Nxf6 16. Nxf6+ Bxf6 17. Qd5 Qc7 18. Red1 Rfd8 19. c3 Qc5 20. Qxc5 dxc5 21. Rd5 Rxd5 22. exd5 e4 23. Nd2 Re8 24. Nxc4 Kf8 25. Rd1 Ke7 26. d6+ Kd8 27. Kf1 Bg5 28. Ke2 f5 29. Ne3 Re5 30. g3 Bxe3 31. Kxe3 g6 32. Kf4 Re6 33. d7 Re7 34. Rd6 Rxd7 35. Rxd7+ Kxd7 36. Ke5 Ke7 37. b4 cxb4 38. cxb4 h5 39. a4 Kd7 40. Kf6 Kc6 41. Kxg6 Kd5 42. Kxf5 Kc4 43. b5 axb5 44. axb5 Kxb5 45. Kxe4 Kc6 46. Kf5 Kd6 47. Kg5 Ke5 48. f4+ Ke6 49. Kxh5 Kf6 50. g4 Kg7 51. Kg5 Kf7 52. h4 Kg7 53. h5 Kh7 54. Kf6 Kh6 55. g5+ Kh7 56. g6+ Kh8 57. g7+ Kg8 58. h6 Kh7 59. Kf7 1-0

[Event "4NCL Online Division 7"]
[Site "online"]
[Date "2021.04.06"]
[EventDate "2021.04.06"]
[Round "6.172"]
[White "Holyhead, James"]
[WhiteElo "1473"]
[WhiteTeam "Shropshire 6"]
[Black "Booley, Graham M"]
[BlackElo "1799"]
[BlackTeam "Braunstone 2"]
[Result "0-1"]
[PlyCount "116"]

1. d4 f5 2. g4 d6 3. g5 g6 4. Bf4 Bg7 5. Nf3 e6 6. Nc3 Nc6 7. Qd3 Nge7 8. Bg2 a6 9. e4 Nb4 10. Qe2 fxe4 11. Qxe4 Rf8 12. Bg3 Nf5 13. a3 Nc6 14. Rd1 d5 15. Qf4 Nfxd4 16. Qxc7 Nxf3+ 17. Bxf3 Qxc7 18. Bxc7 Bxc3+ 19. bxc3 Rxf3 20. c4 Rf7 21. Bb6 Rf5 22. cxd5 Rxd5 23. Rxd5 exd5 24. O-O Kf7 25. f4 Bf5 26. c3 Re8 27. Rd1 Be4 28. c4 dxc4 29. Bc5 Bd3 30. h4 Re4 31. Bd6 b5 32. Kf2 Ne7 33. Rd2 Nf5 34. Be5 Nd4 35. Rb2 Re2+ 36. Rxe2 Nxe2 37. Ke3 Ng3 38. Kd2 Ne4+ 39. Ke3 Ng3 40. Kf3 Nf5 41. Kg4 Ke6 42. h5 Be2+ 43. Kh3 Bxh5 44. Bc3 Kd5 45. Kg2 Ke4 46. Be5 Kd3 47. Kf2 Kd2 48. Kf1 c3 49. a4 c2 50. Bc3+ Kxc3 51. Kf2 Kd2 52. axb5 axb5 53. Kg2 Ke3 54. Kh3 c1=Q 55. Kh2 Qd2+ 56. Kh3 Qe1 57. Kg2 Qf2+ 58. Kh1 Bf3# 0-1

[Event "4NCL Online Division 7"]
[Site "online"]
[Date "2021.04.06"]
[EventDate "2021.04.06"]
[Round "6.173"]
[White "Pyun, Lindsay"]
[WhiteElo "1428"]
[WhiteTeam "Braunstone 2"]
[Black "Purser, Anthony"]
[BlackElo "1443"]
[BlackTeam "Shropshire 6"]
[Result "1-0"]
[PlyCount "115"]

1. e4 g6 2. d4 Bg7 3. Nf3 d6 4. Nc3 b6 5. Bd3 Bb7 6. O-O a6 7. Be3 Nd7 8. Qd2 h6 9. Rfe1 e6 10. a3 Ne7 11. h3 g5 12. Rad1 b5 13. d5 e5 14. Ne2 Bc8 15. Ng3 Nf6 16. c4 bxc4 17. Bxc4 g4 18. hxg4 Nxg4 19. Nh2 Nxe3 20. Qxe3 h5 21. Qg5 Ng6 22. Qxd8+ Kxd8 23. Nf3 Bf6 24. Rc1 Ra7 25. Nd2 Bg5 26. Rc2 h4 27. Ne2 h3 28. g3 h2+ 29. Kg2 Bxd2 30. Rxd2 Bg4 31. Rh1 Ke7 32. f3 Bd7 33. Rxh2 Rxh2+ 34. Kxh2 Bb5 35. Bxb5 axb5 36. Rc2 Kd7 37. Kg2 Rb7 38. Kf2 Ne7 39. Ke3 f5 40. exf5 Nxf5+ 41. Ke4 Ne7 42. f4 exf4 43. gxf4 b4 44. a4 b3 45. Rc4 Ra7 46. Nd4 Rb7 47. Nc6 Nc8 48. f5 Ke8 49. f6 Kf7 50. Kf5 Nb6 51. Nd8+ Ke8 52. f7+ Kf8 53. Kf6 Nd7+ 54. Ke6 Ne5 55. Nxb7 Nxc4 56. a5 Nxb2 57. Nd8 Nc4 58. Kf6 1-0

[Event "4NCL Online Division 7"]
[Site "online"]
[Date "2021.04.06"]
[EventDate "2021.04.06"]
[Round "6.174"]
[White "Pritchard, Andrew"]
[WhiteElo "1400"]
[WhiteTeam "Shropshire 6"]
[Black "Mehta, Sophie"]
[BlackElo "1360"]
[BlackTeam "Braunstone 2"]
[Result "1-0"]
[PlyCount "155"]

1. d4 Nf6 2. Nc3 g6 3. e4 Bg7 4. e5 Ng8 5. Bc4 e6 6. Nf3 Ne7 7. Bg5 O-O 8. Ne4 d5 9. Nf6+ Bxf6 10. Bxf6 dxc4 11. Qd2 Nd7 12. Qh6 Nxf6 13. exf6 Nf5 14. Qg5 Nxd4 15. Nxd4 Qxd4 16. O-O h6 17. Qxh6 Qxf6 18. c3 Qg7 19. Qf4 b5 20. Qxc7 f6 21. Qc6 Bd7 22. Qf3 Rac8 23. Qe3 a6 24. Rad1 f5 25. Rd6 f4 26. Qb6 Rb8 27. Qxa6 Bc8 28. Qc6 Qb7 29. Qc5 Rf5 30. Rd8+ Kh7 31. Qd4 Qg7 32. Qd6 Rd5 33. Qxb8 Rxd8 34. Qxb5 Qb7 35. Qxc4 Qxb2 36. Qc7+ Rd7 37. Qxc8 Rd2 38. Qxe6 Qc2 39. Qf7+ Kh8 40. Qxf4 Rd1 41. g3 Rxf1+ 42. Kxf1 Qd1+ 43. Kg2 Qd5+ 44. Qf3 Qxa2 45. Qe4 Kg7 46. c4 Qa4 47. Qd5 Kh6 48. c5 Qa5 49. Qd6 Qa8+ 50. c6 Qa4 51. Qc7 Qe4+ 52. Kf1 Qc4+ 53. Ke1 Qc3+ 54. Ke2 Qc2+ 55. Ke3 Qc5+ 56. Ke4 Qf5+ 57. Kd4 Qxf2+ 58. Kd5 Qd2+ 59. Kc5 Qc2+ 60. Kb6 Qb2+ 61. Ka7 Qa3+ 62. Kb8 Qb4+ 63. Kc8 Qf8+ 64. Qd8 Qf5+ 65. Qd7 Qf8+ 66. Kc7 Qa8 67. Qd2+ Kg7 68. Qd4+ Kh6 69. Qh4+ Kg7 70. Qe7+ Kh6 71. Kd7 Qa7+ 72. c7 Qa4+ 73. Kd8 Qd4+ 74. Qd7 Qh8+ 75. Qe8 Qd4+ 76. Kc8 Qg4+ 77. Qd7 Qg5 78. Kb8 1-0

[Event "4NCL Online Division 7"]
[Site "online"]
[Date "2021.04.06"]
[EventDate "2021.04.06"]
[Round "6.181"]
[White "Cepoi, Gesneria-Codruta"]
[WhiteElo "942"]
[WhiteTeam "Uxbridge Fury"]
[Black "Townsend, Ray P"]
[BlackElo "1698"]
[BlackTeam "Fossa Corieltauvorum"]
[Result "0-1"]
[PlyCount "78"]

1. e4 c5 2. Nc3 Nc6 3. Nf3 e6 4. d4 cxd4 5. Nxd4 Qb6 6. Nxc6 bxc6 7. Bd3 Ba6 8. O-O Bxd3 9. Qxd3 Rb8 10. Na4 Qb5 11. b3 Qxd3 12. cxd3 Nf6 13. Bf4 Rb5 14. e5 Nd5 15. Bd2 g6 16. d4 Be7 17. Rac1 O-O 18. Nc5 Bxc5 19. dxc5 Rfb8 20. f4 Kg7 21. Rc2 Kf8 22. Ra1 Ke7 23. Rb1 a5 24. g3 a4 25. Rcb2 f5 26. b4 R8b7 27. a3 Nc7 28. Rf1 Ke8 29. Kf2 Rxc5 30. bxc5 Rxb2 31. Rd1 Nd5 32. Kg1 Rb3 33. Ra1 Kd8 34. Kf2 Kc8 35. Ke2 Kb7 36. Kd1 Ka6 37. Kc2 Kb5 38. Be1 Kxc5 39. Bf2+ Kb5 0-1

[Event "4NCL Online Division 7"]
[Site "online"]
[Date "2021.04.06"]
[EventDate "2021.04.06"]
[Round "6.182"]
[White "Johnson, Andy G"]
[WhiteElo "1707"]
[WhiteTeam "Fossa Corieltauvorum"]
[Black "Mangalagiri, Pranav"]
[BlackElo "957"]
[BlackTeam "Uxbridge Fury"]
[Result "0-1"]
[PlyCount "34"]

1. d4 Nf6 2. e3 b6 3. Nf3 Bb7 4. Nbd2 e6 5. Bd3 d5 6. O-O Bd6 7. Re1 O-O 8. c3 h6 9. e4 dxe4 10. Nxe4 Nxe4 11. Bxe4 Bxe4 12. Rxe4 Nd7 13. Qd3 c5 14. Rh4 cxd4 15. Qxd4 Bc5 16. Qg4 Nf6 17. Qg3 Qd1+ 0-1

[Event "4NCL Online Division 7"]
[Site "online"]
[Date "2021.04.06"]
[EventDate "2021.04.06"]
[Round "6.183"]
[White "Peddireddi, Satya"]
[WhiteElo "920"]
[WhiteTeam "Uxbridge Fury"]
[Black "Harrison, Peter K"]
[BlackElo "1683"]
[BlackTeam "Fossa Corieltauvorum"]
[Result "0-1"]
[PlyCount "74"]

1. e4 e5 2. Nf3 Nc6 3. Bc4 Bc5 4. Nc3 Nf6 5. h3 O-O 6. a3 d6 7. b4 Bb6 8. O-O h6 9. d3 Nd4 10. Nxd4 Bxd4 11. Bb2 a6 12. Rb1 Be6 13. Bb3 b5 14. Ne2 Bxb2 15. Rxb2 c5 16. c3 Rc8 17. Bxe6 fxe6 18. Ng3 c4 19. f4 Qb6+ 20. Kh2 Qc6 21. d4 Nxe4 22. Nxe4 Qxe4 23. Re2 Qd5 24. dxe5 Qxd1 25. Rxd1 d5 26. Rf2 Rcd8 27. g3 g5 28. f5 exf5 29. e6 Rfe8 30. Re2 Rd6 31. Kg2 Kg7 32. Re5 Kf6 33. Rdxd5 Rxd5 34. Rxd5 Rxe6 35. Kf3 h5 36. h4 g4+ 37. Kf4 Re4# 0-1

[Event "4NCL Online Division 7"]
[Site "online"]
[Date "2021.04.06"]
[EventDate "2021.04.06"]
[Round "6.184"]
[White "Gray, Paul"]
[WhiteElo "1608"]
[WhiteTeam "Fossa Corieltauvorum"]
[Black "Kanakaraju, Sundararaju"]
[BlackElo "700"]
[BlackTeam "Uxbridge Fury"]
[Result "1-0"]
[PlyCount "75"]

1. e4 Nf6 2. e5 Nd5 3. d4 e6 4. Bc4 c6 5. Nf3 b5 6. Bb3 a5 7. c3 a4 8. Bc2 g6 9. Be4 d6 10. O-O dxe5 11. Nxe5 f5 12. Bxd5 Qxd5 13. Nd2 Bb7 14. Qf3 Bh6 15. Qxd5 cxd5 16. Ndf3 Bxc1 17. Raxc1 O-O 18. Ng5 Ra6 19. Rfe1 Kg7 20. Nd3 Kh6 21. h4 f4 22. Nxe6 Re8 23. Ndc5 Rb6 24. Nxf4 Rxe1+ 25. Rxe1 Rf6 26. g3 Nc6 27. Nxb7 g5 28. hxg5+ Kxg5 29. Nxd5 Rg6 30. Nc5 b4 31. Nxb4 Nxb4 32. cxb4 Rb6 33. a3 h5 34. d5 Rd6 35. Ne4+ Kg4 36. Nxd6 h4 37. Re4+ Kh3 38. Rxh4# 1-0

[Event "4NCL Online Division 7"]
[Site "online"]
[Date "2021.04.06"]
[EventDate "2021.04.06"]
[Round "6.191"]
[White "Patel, Krrish"]
[WhiteElo "1411"]
[WhiteTeam "Harrow 4"]
[Black "Morgan, Marc"]
[BlackElo "1632"]
[BlackTeam "Hackney Go Lucky"]
[Result "1-0"]
[PlyCount "93"]

1. d4 g6 2. Nc3 Bg7 3. e4 d6 4. Bf4 Nd7 5. Nf3 Ngf6 6. Qd2 O-O 7. O-O-O a6 8. Bh6 b5 9. e5 b4 10. exf6 bxc3 11. bxc3 Nxf6 12. h4 Bg4 13. Bxg7 Kxg7 14. Re1 Bxf3 15. gxf3 c6 16. Bd3 e6 17. Reg1 Nh5 18. Rg5 f5 19. Rhg1 Kh8 20. Rxg6 Qe7 21. Qh6 Nf6 22. Qg7+ Qxg7 23. Rxg7 a5 24. Re7 Rae8 25. Rgg7 d5 26. Rxe8 Rxe8 27. Rc7 Nh5 28. Rxc6 Nf4 29. Ra6 Rg8 30. Rxa5 Rg1+ 31. Kb2 Rh1 32. a4 Rxh4 33. Ra8+ Kg7 34. Rb8 Rh2 35. a5 Rxf2 36. Bb5 h5 37. a6 h4 38. a7 h3 39. a8=Q h2 40. Rb7+ Kf6 41. Qf8+ Kg5 42. Rg7+ Ng6 43. Qe7+ Kf4 44. Rxg6 h1=Q 45. Qg5+ Kxf3 46. Qg3+ Ke4 47. Bd3# 1-0

[Event "4NCL Online Division 7"]
[Site "online"]
[Date "2021.04.06"]
[EventDate "2021.04.06"]
[Round "6.192"]
[White "McCabe, Gavin"]
[WhiteElo "1514"]
[WhiteTeam "Hackney Go Lucky"]
[Black "Gurjar, Siena"]
[BlackElo "1455"]
[BlackTeam "Harrow 4"]
[Result "1-0"]
[PlyCount "85"]

1. d4 d5 2. Bf4 Nf6 3. Nf3 Bf5 4. h3 e6 5. Nh4 Bg6 6. Nxg6 hxg6 7. c3 Nbd7 8. Nd2 c6 9. Qc2 Qb6 10. O-O-O O-O-O 11. e3 a6 12. Be2 Be7 13. Nb3 Rde8 14. Nd2 c5 15. Qa4 cxd4 16. exd4 Bd6 17. Bxd6 Qxd6 18. Kb1 Kb8 19. c4 dxc4 20. Nxc4 Nb6 21. Nxd6 Nxa4 22. Nxe8 Rxe8 23. Bf3 Nb6 24. Rhe1 Nbd5 25. g3 Kc7 26. Rc1+ Kd6 27. g4 Rh8 28. Rh1 b5 29. g5 Nh5 30. Rc5 Ndf4 31. Rc6+ Kd7 32. Rhc1 Nxh3 33. Rc7+ Kd8 34. Rc8+ Ke7 35. Rxh8 Nxf2 36. Rc7+ Kd6 37. Rc6+ Ke7 38. Rhc8 Kd7 39. R8c7+ Kd8 40. Rxf7 Nh3 41. Rxa6 Ke8 42. Rb7 Nxg5 43. Ra8# 1-0

[Event "4NCL Online Division 7"]
[Site "online"]
[Date "2021.04.06"]
[EventDate "2021.04.06"]
[Round "6.193"]
[White "Shah, Kyal"]
[WhiteElo "1271"]
[WhiteTeam "Harrow 4"]
[Black "Nabijou, Kayvon"]
[BlackElo "1311"]
[BlackTeam "Hackney Go Lucky"]
[Result "0-1"]
[PlyCount "44"]

1. e4 e6 2. d3 d5 3. Nd2 Nf6 4. g3 dxe4 5. Nxe4 Nxe4 6. dxe4 Qxd1+ 7. Kxd1 Bd7 8. Bg2 Bc6 9. Ne2 e5 10. Bd2 Bc5 11. f4 Nd7 12. Bc3 O-O-O 13. Kc1 Be3+ 14. Kb1 Nc5 15. b3 Nxe4 16. Kb2 Nxc3 17. Bxc6 Nxe2 18. Bf3 Bd4+ 19. Ka3 Bxa1 20. Bxe2 Bc3 21. Bc4 Rd6 22. Bxf7 Ra6# 0-1

[Event "4NCL Online Division 7"]
[Site "online"]
[Date "2021.04.06"]
[EventDate "2021.04.06"]
[Round "6.194"]
[White "Wouters, Olivier"]
[WhiteElo "1360"]
[WhiteTeam "Hackney Go Lucky"]
[Black "Laza, Andrei"]
[BlackElo "1227"]
[BlackTeam "Harrow 4"]
[Result "0-1"]
[PlyCount "106"]

1. e4 b6 2. d4 Bb7 3. Nc3 e6 4. Nf3 Bb4 5. Bd2 Nf6 6. e5 Nd5 7. Nxd5 Bxd2+ 8. Qxd2 Bxd5 9. Be2 O-O 10. c4 Bb7 11. O-O d5 12. b3 Nd7 13. a4 c5 14. Rac1 cxd4 15. Qxd4 Nc5 16. Rb1 dxc4 17. Qxc4 Rc8 18. Rfd1 Qe7 19. Qb4 Rfd8 20. Nd4 Qg5 21. Bf3 Rxd4 22. Qc3 Rxd1+ 23. Rxd1 Bxf3 24. Qxf3 Qxe5 25. Rc1 Rd8 26. g3 Qe4 27. Qc3 h6 28. a5 Qd4 29. Qc2 Qd3 30. axb6 Qxc2 31. Rxc2 axb6 32. b4 Na4 33. b5 Kh7 34. Ra2 Nc5 35. Ra7 Rd7 36. Ra3 g5 37. f3 Rd3 38. Ra8 Rb3 39. Rf8 Kg7 40. Rd8 Rxb5 41. Rd4 Rb1+ 42. Kg2 b5 43. f4 b4 44. Rc4 Nd3 45. Kf3 b3 46. Ke3 Nb2 47. Rb4 Nd1+ 48. Kd2 gxf4 49. Rxf4 Kg6 50. Rf1 Nc3 51. Rf3 Nd1 52. Rf1 b2 53. Kc2 Rc1+ 0-1

[Event "4NCL Online Division 7"]
[Site "online"]
[Date "2021.04.06"]
[EventDate "2021.04.06"]
[Round "6.201"]
[White "Chung, Michael"]
[WhiteElo "1631"]
[WhiteTeam "Streatham B"]
[Black "Fox, Harry"]
[BlackElo "1500"]
[BlackTeam "Aberystwyth University 2"]
[Result "1-0"]
[PlyCount "114"]

1. e4 e6 2. d4 d5 3. exd5 exd5 4. Bd3 Nc6 5. c3 Nf6 6. Bg5 Be7 7. Nd2 Ng4 8. Bxe7 Qxe7+ 9. Qe2 Qxe2+ 10. Nxe2 O-O 11. h3 Nf6 12. O-O-O Bd7 13. f4 Rfe8 14. Nf3 Re3 15. Ne5 a6 16. Kd2 Nxe5 17. fxe5 Rxd3+ 18. Kxd3 Ne4 19. Ke3 c6 20. a4 h5 21. Rhf1 g6 22. Rf3 Kf8 23. Ng3 Nxg3 24. Rxg3 Bf5 25. Rf3 Be4 26. Rf2 Re8 27. h4 Bf5 28. Kf4 a5 29. b4 axb4 30. cxb4 Ra8 31. Ra1 Ke7 32. Ke3 Bd7 33. a5 Bf5 34. Rb2 Bd7 35. Rf1 Ke8 36. Kf4 Kf8 37. Kg5 Kg7 38. Rf6 Rb8 39. Rbf2 Bf5 40. R2xf5 gxf5 41. Kxh5 Rg8 42. Rxf5 Kf8 43. Rg5 Rh8+ 44. Kg4 Rh6 45. g3 Rh8 46. Kf4 Ke7 47. Rf5 Ke6 48. h5 Ke7 49. g4 Rh6 50. Kg5 Rh8 51. Rf6 Rg8+ 52. Kf5 Rh8 53. h6 Rh7 54. Kg5 Rh8 55. Kh5 Rh7 56. g5 Kf8 57. g6 Rxh6+ 1-0

[Event "4NCL Online Division 7"]
[Site "online"]
[Date "2021.04.06"]
[EventDate "2021.04.06"]
[Round "6.203"]
[White "Buckman, Cyrus"]
[WhiteElo "1353"]
[WhiteTeam "Streatham B"]
[Black "Bourne, Patrick"]
[BlackElo "1000"]
[BlackTeam "Aberystwyth University 2"]
[Result "1-0"]
[PlyCount "49"]

1. d4 Nf6 2. c4 g6 3. Nc3 Bg7 4. Nf3 O-O 5. Bf4 d6 6. e4 Nc6 7. Be2 a6 8. Qd2 Bg4 9. a3 e5 10. Bg5 Qd7 11. d5 Na5 12. Qc2 b6 13. b4 Nb7 14. h3 Bxf3 15. Bxf3 a5 16. O-O axb4 17. axb4 h6 18. Bh4 g5 19. Bg3 h5 20. Qd2 Bh6 21. h4 gxh4 22. Qxh6 hxg3 23. Qxf6 gxf2+ 24. Kxf2 Rxa1 25. Rxa1 1-0

[Event "4NCL Online Division 7"]
[Site "online"]
[Date "2021.04.06"]
[EventDate "2021.04.06"]
[Round "6.211"]
[White "Poghosyan, Jake"]
[WhiteElo "1415"]
[WhiteTeam "KCJS 2"]
[Black "Popovici, Serena"]
[BlackElo "1250"]
[BlackTeam "Colchester JFF C"]
[Result "1-0"]
[PlyCount "57"]

1. e4 e5 2. Nf3 Nc6 3. Bc4 Bc5 4. b4 Nxb4 5. c3 Nc6 6. d4 exd4 7. cxd4 Bb6 8. Qb3 Qe7 9. O-O Qxe4 10. Re1 Qxe1+ 11. Nxe1 Na5 12. Bxf7+ Ke7 13. Bg5+ Nf6 14. Bxf6+ Kxf6 15. Qf3+ Ke7 16. Bh5 g6 17. Qe4+ Kf7 18. Qf4+ Kg8 19. Bg4 d6 20. Bxc8 Rxc8 21. Qf6 Rf8 22. Qe6+ Rf7 23. Nf3 Nc6 24. d5 Nd8 25. Qg4 c6 26. Nc3 Kg7 27. Re1 Ba5 28. Qd4+ Kf8 29. Qxh8# 1-0

[Event "4NCL Online Division 7"]
[Site "online"]
[Date "2021.04.06"]
[EventDate "2021.04.06"]
[Round "6.212"]
[White "Gupta, Aarav G"]
[WhiteElo "1316"]
[WhiteTeam "KCJS 2"]
[Black "Shiva, Shrishti"]
[BlackElo "1219"]
[BlackTeam "Colchester JFF C"]
[Result "0-1"]
[PlyCount "130"]

1. e4 e5 2. Nf3 Nc6 3. Nc3 Nf6 4. h3 Bc5 5. Bc4 d6 6. d3 h6 7. O-O O-O 8. Bd2 Be6 9. Bb3 Qe7 10. Qe2 Nd4 11. Nxd4 Bxd4 12. Qf3 Rad8 13. Rab1 Bxb3 14. axb3 Qd7 15. Ne2 Bb6 16. Ng3 c6 17. Bxh6 gxh6 18. Qxf6 Qe6 19. Qf3 Qg6 20. Nf5 Rfe8 21. Kh1 d5 22. Rbe1 Kh7 23. Rg1 Re6 24. g4 Rf6 25. h4 Kh8 26. g5 Re6 27. gxh6 Qf6 28. Qg3 dxe4 29. Qg7+ Qxg7 30. hxg7+ Kg8 31. Rxe4 Bxf2 32. Rg2 Bc5 33. h5 Kh7 34. Reg4 Rg8 35. Ng3 Rf6 36. Ne4 Rf1+ 37. Kh2 Be3 38. R2g3 Bh6 39. Kg2 Rf5 40. Rh4 Rxg7 41. Rxg7+ Kxg7 42. Rg4+ Kf8 43. Kh3 Rxh5+ 44. Rh4 Rxh4+ 45. Kxh4 Bc1 46. Nd6 b5 47. Kg4 Bxb2 48. Kf5 Bd4 49. Ne4 Ke7 50. c3 Bb6 51. Kxe5 a5 52. Nd2 f6+ 53. Ke4 Ke6 54. c4 f5+ 55. Kf4 Bc7+ 56. Kf3 Ke5 57. cxb5 cxb5 58. Nb1 Kd4 59. Ke2 f4 60. Nd2 Kc3 61. Ne4+ Kxb3 62. Nd2+ Kc3 63. Ne4+ Kd4 64. Nd2 a4 65. Nb1 b4 0-1

[Event "4NCL Online Division 7"]
[Site "online"]
[Date "2021.04.06"]
[EventDate "2021.04.06"]
[Round "6.213"]
[White "Salkauskas, Deimantas"]
[WhiteElo "969"]
[WhiteTeam "Colchester JFF C"]
[Black "Buanne, Giulio"]
[BlackElo "1277"]
[BlackTeam "KCJS 2"]
[Result "1-0"]
[PlyCount "35"]

1. e4 c5 2. Bc4 d6 3. Nf3 e6 4. Nc3 Be7 5. O-O Nf6 6. d4 b6 7. d5 O-O 8. e5 dxe5 9. Nxe5 exd5 10. Nxd5 Bb7 11. Nxe7+ Qxe7 12. Re1 Ne4 13. Nf3 Qf6 14. Bd5 Bxd5 15. Qxd5 Nc6 16. Qxe4 Rfe8 17. Qxe8+ Rxe8 18. Rxe8# 1-0